Sports Quiz

Random Sports or Hockey Quiz

NHL Team by AHL Team Quiz Stats

 Plays Quiz not verified by Sporcle

Challenge
Share
Tweet
Embed
Score 0/30 Timer 08:00
0 Plays Today
AHL Team NHL Team % Correct
Texas StarsDallas Stars
89.1%
Toronto MarliesToronto Maple Leafs
88.2%
Wilkes-Barre/Scranton PenguinsPittsburgh Penguins
87.3%
Albany DevilsNew Jersey Devils
86.4%
Binghamton SenatorsOttawa Senators
85.5%
Providence Bruins Boston Bruins
85.5%
Worcester SharksSan Jose Sharks
81.8%
Charlotte CheckersCarolina Hurricanes
74.5%
Bridgeport Sound TigersNew York Islanders
74.5%
Adirondack PhantomsPhiladelphia Flyers
72.7%
Hershey BearsWashington Capitals
70.9%
Abbotsford HeatCalgary Flames
70%
Hamilton BulldogsMontreal Canadiens
69.1%
Grand Rapids GriffinsDetroit Red Wings
69.1%
Connecticut WhaleNew York Rangers
67.3%
AHL Team NHL Team % Correct
Manchester MonarchsLos Angeles Kings
66.4%
Rochester AmericansBuffalo Sabres
64.5%
Chicago WolvesVancouver Canucks
63.6%
Rockford Ice HogsChicago Blackhawks
63.6%
Oklahoma City BaronsEdmonton Oilers
60.9%
Milwaukee AdmiralsNashville Predators
60.9%
St. John's IceCapsWinnipeg Jets
59.1%
Peoria RivermenSt. Louis Blues
58.2%
Portland PiratesPhoenix Coyotes
55.5%
Lake Erie MonstersColorado Avalanche
53.6%
Houston AerosMinnesota Wild
51.8%
San Antonio RampageFlorida Panthers
50%
Syracuse CrunchAnaheim Ducks
49.1%
Norfolk AdmiralsTampa Bay Lightning
45.5%
Springfield FalconsColumbus Blue Jackets
40%

You're not logged in!

Compare scores with friends on all Sporcle quizzes.
OR
Log In

You Might Also Like...

Show Comments

Extras

Created May 30, 2011ReportNominate
Tags:Hockey Quiz, NHL Quiz, ahl, AHL Team, team

Top Quizzes Today


Score Distribution

Your Account Isn't Verified!

In order to create a playlist on Sporcle, you need to verify the email address you used during registration. Go to your Sporcle Settings to finish the process.

Report this User

Report this user for behavior that violates our Community Guidelines.

Details: